[Event "Chigorin Mem Classic Open"]
[Site "St Petersburg RUS"]
[Date "2010.10.29"]
[Round "2"]
[White "Sokolov,Ivan"]
[Black "Sharafiev,A"]
[Result "1-0"]
[WhiteElo "2641"]
[BlackElo "2445"]

1.d4 Nf6 2.c4 e6 3.Nc3 Bb4 4.e3 O-O 5.Bd3 d5 6.cxd5 exd5 7.a3 Bd6 8.Nb5 Be7
9.Qc2 c6 10.Nc3 Re8 11.Nge2 Bd6 12.h3 Qe7 13.O-O Ne4 14.f3 f5 15.Qb1 Qh4
16.fxe4 fxe4 17.Nxe4 dxe4 18.Bc4+ Kh8 19.Bd2 Nd7 20.Bb4 Bxb4 21.axb4 Nb6
22.Bf7 Rf8 23.Ra5 Qe7 24.Re5 Qd6 25.Qxe4 Bd7 26.Rf4 h6 27.Ba2 Nd5 28.Bxd5 cxd5
29.Rxd5 Qxb4 30.Rxd7 Qe1+ 31.Kh2 Qxe2 32.Qe5  1-0

[Event "Chigorin Mem Classic Open"]
[Site "St Petersburg RUS"]
[Date "2010.10.29"]
[Round "2"]
[White "Sokolov,Ivan"]
[Black "Sharafiev,A"]
[Result "1-0"]
[WhiteElo "2641"]
[BlackElo "2445"]

1.d4 Nf6 2.c4 e6 3.Nc3 Bb4 4.e3 O-O 5.Bd3 d5 6.cxd5 exd5 7.a3 Bd6 8.Nb5 Be7
9.Qc2 c6 10.Nc3 Re8 11.Nge2 Bd6 12.h3 Qe7 13.O-O Ne4 14.f3 f5 15.Rb1 Qh4
16.fxe4 fxe4 17.Nxe4 dxe4 18.Bc4+ Kh8 19.Bd2 Nd7 20.Bb4 Bxb4 21.axb4 Nf6
22.Bf7  1-0

[Event "Chigorin Mem Classic Open"]
[Site "St Petersburg RUS"]
[Date "2010.10.31"]
[Round "4"]
[White "Sokolov,Ivan"]
[Black "Popov,Val"]
[Result "1-0"]
[WhiteElo "2641"]
[BlackElo "2559"]

1.d4 d5 2.c4 c6 3.Nf3 Nf6 4.Nc3 dxc4 5.a4 e6 6.e3 c5 7.Bxc4 Nc6 8.O-O cxd4
9.exd4 Be7 10.Re1 O-O 11.Bg5 Bd7 12.Qe2 Nd5 13.Bd2 Nf6 14.d5 exd5 15.Nxd5 Nxd5
16.Bxd5 Bf6 17.Rad1 Qb6 18.Be3 Qc7 19.Qc4 Rac8 20.Bf4 Qd8 21.Qb3 Qb6 22.Qxb6 axb6
23.Be3 Bxb2 24.Bxb6 Bf6 25.h3 Ra8 26.g4 h6 27.Re4  1-0

[Event "Chigorin Mem Classic Open"]
[Site "St Petersburg RUS"]
[Date "2010.11.01"]
[Round "5"]
[White "Savchenko,B"]
[Black "Sokolov,Ivan"]
[Result "0-1"]
[WhiteElo "2627"]
[BlackElo "2641"]

1.e4 e5 2.Nf3 Nc6 3.Bb5 a6 4.Ba4 d6 5.d4 Bd7 6.Bb3 g6 7.dxe5 dxe5 8.Bg5 f6
9.Be3 Bg4 10.Nbd2 Bh6 11.Qe2 Qe7 12.h3 Bd7 13.Nc4 Be6 14.O-O-O a5 15.Ba4 Qb4
16.Bb5 Ke7 17.a4 Bxc4 18.Bxc4 Bxe3+ 19.fxe3 Qxa4 20.Kb1 Nh6 21.Rd5 Rhd8 22.Rb5 Rab8
23.g4 Nf7 24.Bxf7 Kxf7 25.Rf1 Kg7 26.g5 Rf8 27.Rd5 Rbd8 28.Rxd8 Nxd8 29.Rd1 Nf7
30.gxf6+ Kxf6 31.h4 Qxe4 32.Rd7 Qc6 33.Qd1 Ke6 34.Nd4+ exd4 35.Qg4+ Kf6 36.Qxd4+ Ne5
37.Rd5 Qe6 38.Rc5 c6 39.Qf4+ Ke7  0-1

[Event "1st Open"]
[Site "Cento ITA"]
[Date "2011.02.05"]
[Round "1"]
[White "Sokolov,Ivan"]
[Black "Valguarnera,G"]
[Result "1-0"]
[WhiteElo "2657"]
[BlackElo "2164"]

1.d4 Nf6 2.c4 g6 3.Nc3 c5 4.d5 e6 5.e4 exd5 6.exd5 d6 7.Bf4 Be7 8.Be2 O-O
9.g4 Re8 10.h4 Nxg4 11.Bxg4 Bg5+ 12.Be3 Bxe3 13.fxe3 Rxe3+ 14.Kd2 Re7 15.h5 f5
16.Be2 g5 17.h6 g4 18.Qf1 Rf7 19.Qf4 Nd7 20.Qxd6 Qg5+ 21.Kc2 Qe3 22.Rf1 Qe5
23.Qe6 Qg3 24.Ne4 Qc7 25.Rxf5 Nf8 26.Rxf7 Nxe6 27.dxe6 Qd8 28.Nf6+  1-0

[Event "1st Open"]
[Site "Cento ITA"]
[Date "2011.02.06"]
[Round "2"]
[White "Bove,A"]
[Black "Sokolov,Ivan"]
[Result "0-1"]
[WhiteElo "2365"]
[BlackElo "2657"]

1.e4 e5 2.Bc4 Nf6 3.d3 c6 4.Nf3 Be7 5.O-O d6 6.c3 O-O 7.Bb3 Nbd7 8.Nbd2 b5
9.Re1 Bb7 10.Nf1 c5 11.Ng3 Rc8 12.d4 Re8 13.d5 c4 14.Bc2 a5 15.h4 Nc5 16.Nf5 Bf8
17.Nh2 Rc7 18.g4 Bc8 19.g5 Nfxe4 20.Qf3 g6 21.Ne3 f5 22.gxf6 Nxf6 23.Neg4 Nxg4
24.Nxg4 Rf7 25.Qg3 Bxg4 26.Qxg4 Qf6 27.Be3 Nd3 28.Rf1 e4 29.f4 exf3 30.Bxd3 Rxe3  0-1

[Event "1st Open"]
[Site "Cento ITA"]
[Date "2011.02.08"]
[Round "4"]
[White "Danielian,E"]
[Black "Sokolov,Ivan"]
[Result "1-0"]
[WhiteElo "2454"]
[BlackElo "2657"]

1.d4 Nf6 2.Nf3 b5 3.Bg5 Bb7 4.Bxf6 gxf6 5.e3 a6 6.a4 b4 7.Nbd2 e6 8.Bd3 c5
9.O-O d5 10.dxc5 Bxc5 11.c4 dxc4 12.Bxc4 Nd7 13.Rc1 Rg8 14.g3 f5 15.Nb3 Bb6
16.Be2 Rc8 17.Rxc8 Qxc8 18.a5 Bd8 19.Qd2 Bd5 20.Qxb4 Be7 21.Qa4 Qb7 22.Nbd4 Kf8
23.Bxa6 Qc7 24.Be2 Nc5 25.Rc1 f4 26.exf4 Bd6 27.Qb5 Kg7 28.b4 Rb8 29.Rxc5 Qe7
30.Rxd5 Rxb5 31.Rxb5 Qc7 32.a6  1-0

[Event "1st Open"]
[Site "Cento ITA"]
[Date "2011.02.09"]
[Round "5"]
[White "Sokolov,Ivan"]
[Black "Drasko,M"]
[Result "1/2-1/2"]
[WhiteElo "2657"]
[BlackElo "2486"]

1.d4 e6 2.c4 Nf6 3.Nc3 Bb4 4.e3 O-O 5.Bd3 d5 6.cxd5 exd5 7.Ne2 Re8 8.Bd2 a6
9.O-O Bd6 10.Rc1 Nbd7 11.Nf4 Nb6 12.Qc2 Bd7 13.b3 Rc8 14.a4 c6 15.a5 Na8
16.Na4 Nc7 17.Nc5 Rb8 18.f3 Nb5 19.Ne2 Qc7 20.h3 Rbd8 21.Rf2 Bc8 22.b4 Qe7
23.Rcf1 Bb8 24.g4 h6 25.Rg2 Nd7 26.Nb3 Qh4 27.Nf4 Nf8 28.Be1 Qe7 29.Re2 Bxf4
30.exf4 Qf6 31.Bxb5 axb5 32.f5 g6 33.fxg6 Nxg6 34.Bg3 Nf4 35.Bxf4 Qxf4 36.Kg2 Re3
37.Rxe3 Qxe3 38.Rf2 Re8 39.a6 bxa6 40.Qxc6 Kg7 41.Nc5 Rd8 42.Qb6 Re8 43.h4 h5
44.Qc6 hxg4 45.fxg4 Bxg4 46.Qf6+ Kh7 47.Qxf7+ Kh8 48.Qf6+ Kh7 49.Qf7+  1/2-1/2

[Event "1st Open"]
[Site "Cento ITA"]
[Date "2011.02.10"]
[Round "6"]
[White "Solomon,K"]
[Black "Sokolov,Ivan"]
[Result "1-0"]
[WhiteElo "2425"]
[BlackElo "2657"]

1.Nf3 d5 2.d4 e6 3.c4 c5 4.cxd5 exd5 5.g3 Nc6 6.Nc3 Nf6 7.Bg2 Be7 8.O-O O-O
9.Bg5 cxd4 10.Nxd4 h6 11.Be3 Bg4 12.h3 Be6 13.Qa4 Qd7 14.Kh2 a6 15.Nxe6 fxe6
16.Rad1 b5 17.Qc2 Rac8 18.Qb1 Bd6 19.a3 Ne7 20.Bd2 Nh5 21.Be1 Rf6 22.Qd3 Rcf8
23.Kg1 Nf5 24.e3 Rg6 25.g4 Nh4 26.f4 Nxg2 27.Kxg2 Qf7 28.Ne2 Nf6 29.Ng3 h5
30.g5 h4 31.Ne2 Ne4 32.Bxh4 Qb7 33.Kg1 Qb6 34.Kh1 Kh7 35.Ng3 Nc5 36.Qe2 Rh8
37.Qh5+ Kg8 38.Qxg6 Rxh4 39.Nh5 Rxh3+ 40.Kg2 Rxh5 41.Qxh5  1-0

[Event "TCh-FRA Top 12 2011"]
[Site "Mulhouse FRA"]
[Date "2011.06.01"]
[Round "7"]
[White "Bratanov,Z"]
[Black "Sokolov,Ivan"]
[Result "0-1"]
[WhiteElo "2465"]
[BlackElo "2645"]

1.d4 Nf6 2.c4 b6 3.Nc3 Bb7 4.Bg5 e6 5.e3 h6 6.Bh4 Bb4 7.Ne2 O-O 8.f3 d5 9.cxd5 exd5
10.a3 Bd6 11.Bf2 Re8 12.Ng3 c5 13.Be2 Nbd7 14.O-O a6 15.Nf5 Bf8 16.Qc2 g6
17.Ng3 Rc8 18.Rad1 h5 19.Rfe1 b5 20.dxc5 Bxc5 21.Bd3 h4 22.Nge2 h3 23.Nd4 hxg2
24.Kxg2 Ne5 25.Bh4 Qb6 26.Qf2 Nc4 27.Bf1 Nh5 28.Bg3 Kg7 29.Rd3 Nxg3 30.hxg3 Nxe3+
31.Rexe3 Bxd4 32.Nxd5 Bxd5 33.Rxe8 Bxf2 34.Rxc8 Be1  0-1

[Event "TCh-FRA Top 12 2011"]
[Site "Mulhouse FRA"]
[Date "2011.06.03"]
[Round "9"]
[White "Sokolov,Ivan"]
[Black "Vaisser,A"]
[Result "1-0"]
[WhiteElo "2645"]
[BlackElo "2533"]

1.d4 Nf6 2.Nf3 c5 3.d5 b5 4.Bg5 d6 5.Bxf6 exf6 6.e4 a6 7.a4 b4 8.Nbd2 f5
9.exf5 Bxf5 10.Bd3 Bg4 11.h3 Bc8 12.O-O Be7 13.Re1 O-O 14.a5 Ra7 15.Nc4 Bd7
16.Nfd2 Bb5 17.Qf3 Bxc4 18.Nxc4 Bf6 19.Qf4 g6 20.Re4 Bg7 21.Rae1 Rd7 22.h4 Qf6
23.Qg4 h5 24.Qe2 Rdd8 25.g3 Bh6 26.Qd1 Nd7 27.Re7 Qd4 28.Bf1 Ne5 29.Nxe5 dxe5
30.Qxd4 cxd4 31.Bxa6 b3 32.cxb3 Bd2 33.R1xe5 Bxa5 34.Rb7 Rd6 35.Bc4 Bb6 36.Ree7 Rf6
37.Kf1 Bc5 38.Rec7 Bd6 39.Rc6 Kg7 40.Rd7 Bb4 41.Rb7 Bd6 42.Rbb6 Rb8 43.Ra6 Be5
44.Rxf6 Bxf6 45.d6 Rd8 46.f4 d3 47.Bxd3 Bxb2 48.Bb5 Bc3 49.d7 Kf8 50.Rc6 Ba5
51.Rc4 Ke7 52.b4 Bb6 53.Bc6 Kd6 54.b5 f5 55.Rc2 Ke7 56.Re2+ Kd6 57.Re8 Ba5
58.Ke2 Bb6 59.Kd3 Bc7 60.Kc4 Ba5 61.Re2 Rb8 62.Re3 Bb6 63.Rd3+ Ke6 64.Bb7 Rf8
65.Rd2 Ke7 66.Bc8 Rf6 67.Re2+ Kf7 68.Bb7 Rd6 69.Bd5+ Kf6 70.Re8 Bc7 71.Rf8+ Ke7
72.Rf7+ Kd8 73.Bc6 Bb6 74.Rf8+ Ke7 75.Re8+ Kf6 76.Bd5 Bc7 77.Kc5 Rxd7 78.Re6+ Kg7
79.Kc6  1-0

[Event "TCh-FRA Top 12 2011"]
[Site "Mulhouse FRA"]
[Date "2011.06.04"]
[Round "10"]
[White "David,Alb"]
[Black "Sokolov,Ivan"]
[Result "0-1"]
[WhiteElo "2593"]
[BlackElo "2645"]

1.e4 e5 2.Nf3 Nc6 3.Bb5 a6 4.Ba4 Nf6 5.d3 d6 6.c3 g6 7.O-O Bg7 8.Re1 O-O
9.Bg5 h6 10.Bh4 b5 11.Bc2 Nb8 12.Nbd2 Nbd7 13.Nf1 c5 14.Ne3 Qc7 15.Nd2 Bb7
16.Bb3 Nb6 17.a4 Bc6 18.a5 Nbd7 19.Ba2 Rae8 20.b4 Qb7 21.Qb3 Kh8 22.Qd1 h5
23.Rb1 Qa7 24.h3 Bh6 25.Kh1 Bf4 26.Ndf1 Qa8 27.f3 cxb4 28.cxb4 d5 29.Qb3 d4
30.Nd5 Bxd5 31.exd5 Rc8 32.g3 Rc3 33.Qd1 Bh6 34.Bxf6+ Nxf6 35.Rxe5 Qc8 36.g4 Bf4
37.Qe1 hxg4 38.d6  0-1

[Event "TCh-FRA Top 12 2011"]
[Site "Mulhouse FRA"]
[Date "2011.06.05"]
[Round "11"]
[White "Sokolov,Ivan"]
[Black "Meier,Geo"]
[Result "1/2-1/2"]
[WhiteElo "2645"]
[BlackElo "2650"]

1.d4 Nf6 2.c4 e6 3.Nc3 Bb4 4.e3 O-O 5.Ne2 d5 6.a3 Bd6 7.Ng3 c5 8.dxc5 Bxc5
9.b4 Bb6 10.Na4 Bc7 11.Bb2 dxc4 12.Qxd8 Rxd8 13.Bxc4 Nc6 14.Rc1 Be5  1/2-1/2

[Event "1st Alghero Open"]
[Site "Alghero ITA"]
[Date "2011.08.26"]
[Round "1.1"]
[White "Valsecchi,A"]
[Black "Sokolov,Ivan"]
[Result "0-1"]
[WhiteElo "2354"]
[BlackElo "2672"]

1.e4 e5 2.f4 Bc5 3.Nf3 d6 4.c3 Bb6 5.Na3 f5 6.fxe5 dxe5 7.d4 exd4 8.e5 Be6
9.Bb5+ Nc6 10.Ng5 Qd7 11.cxd4 Nge7 12.Be3 O-O-O 13.Qa4 Bd5 14.Nc4 h6 15.Nf3 g5
16.O-O-O f4 17.Nxb6+ cxb6 18.Bf2 Qe6 19.Kb1 g4 20.Ne1 a6 21.Bd3 b5 22.Qa3 Nf5
23.Bc2 Rhf8 24.Nd3 Nfxd4 25.Bxd4 Nxd4 26.Qc5+ Kb8 27.Nb4 Bxg2 28.Rhg1 Nxc2
29.Nxc2 Be4 30.Rge1 Rxd1+ 31.Rxd1 Rc8  0-1

[Event "1st Alghero Open"]
[Site "Alghero ITA"]
[Date "2011.08.27"]
[Round "2.1"]
[White "Sokolov,Ivan"]
[Black "Collutiis,D"]
[Result "1-0"]
[WhiteElo "2672"]
[BlackElo "2468"]

1.c4 e5 2.g3 d6 3.Bg2 Nc6 4.Nc3 Be6 5.d3 Qd7 6.Nd5 Nd8 7.e4 c6 8.Ne3 Nf6
9.f4 g6 10.f5 gxf5 11.exf5 Bxf5 12.Qf3 Bxd3 13.Qxf6 Rg8 14.Bd2 Ne6 15.Bc3 Ng5
16.Rd1 Rg6 17.Qf2 Ne4 18.Qf3 Nxc3 19.bxc3 e4 20.Qh5 Bg7 21.Ne2 Qe7 22.Nd4 Bxd4
23.cxd4 Qf6 24.Rxd3 exd3 25.Qh4 Qxh4 26.gxh4 Kf8 27.Kd2 Re8 28.Bf3 Rf6 29.Rf1 Rf4
30.Kxd3 Rxh4 31.Nf5 Rxh2 32.Nxd6 Re7 33.a4 Ra2 34.Bh5 Ra3+ 35.Kc2 Ree3 36.Rxf7+ Kg8
37.Rxb7 Rh3 38.Ne4 Rh2+ 39.Kb1 Rxh5 40.Nf6+ Kf8 41.Nxh5 Rxa4 42.Kc2 Rxc4+
43.Kd3 Rc1 44.Nf6 Rd1+ 45.Kc3 Rc1+ 46.Kd2 Rf1 47.Nd7+ Ke8 48.Ne5 c5 49.dxc5 Rf5
50.c6 Kd8 51.Rd7+ Kc8 52.Nc4 Rc5 53.Nd6+ Kb8 54.c7+  1-0

[Event "1st Alghero Open"]
[Site "Alghero ITA"]
[Date "2011.08.28"]
[Round "3.1"]
[White "Kogan,Ar"]
[Black "Sokolov,Ivan"]
[Result "1/2-1/2"]
[WhiteElo "2548"]
[BlackElo "2672"]

1.d4 Nf6 2.c4 e6 3.Nf3 d5 4.Nc3 Nbd7 5.Bg5 h6 6.Bh4 Be7 7.e3 O-O 8.Rc1 b6
9.cxd5 exd5 10.Bd3 Bb7 11.Qc2 c5 12.O-O Re8 13.Bf5 a6 14.a4 Nf8 15.Ne5 Ne4
16.Bxe7 Rxe7 17.Rfd1 Ng5 18.Qd2  1/2-1/2

[Event "1st Alghero Open"]
[Site "Alghero ITA"]
[Date "2011.08.29"]
[Round "4.2"]
[White "Sokolov,Ivan"]
[Black "Braga,F"]
[Result "1-0"]
[WhiteElo "2672"]
[BlackElo "2447"]

1.d4 Nf6 2.c4 c5 3.d5 b5 4.Qc2 bxc4 5.e4 d6 6.Bxc4 g6 7.Nf3 Bg7 8.O-O O-O
9.Re1 Ba6 10.Na3 Nfd7 11.Rb1 Nb6 12.b3 Bxc4 13.bxc4 N8d7 14.Bb2 Bxb2 15.Rxb2 f6
16.Rb3 Ne5 17.Nxe5 fxe5 18.Reb1 Qd7 19.Nb5 Rab8 20.g3 Rf7 21.Kg2 Rbf8 22.Rf1 h5
23.h4 e6 24.Ra3 Nc8 25.Ra6 exd5 26.exd5 Kg7 27.f3 Rf6 28.Nc3 Qf5 29.Ne4 R6f7
30.Qe2 Rd7 31.Rc6 Kg8 32.Rf2 Rfd8 33.Qd2 Ne7 34.Ra6 Nc8 35.a4 Ne7 36.Qe3 Qf8
37.Qg5 Kg7 38.a5 Qf7 39.g4 Qf4 40.Qxf4 exf4 41.Re2 hxg4 42.fxg4 Rf8 43.Kf3 Nc8
44.Ng5 Rh8 45.Rc6  1-0

[Event "1st Alghero Open"]
[Site "Alghero ITA"]
[Date "2011.08.30"]
[Round "5.2"]
[White "Rombaldoni,D"]
[Black "Sokolov,Ivan"]
[Result "0-1"]
[WhiteElo "2495"]
[BlackElo "2672"]

1.Nf3 Nf6 2.g3 d5 3.Bg2 c6 4.O-O Bg4 5.d4 e6 6.Nbd2 Be7 7.Re1 c5 8.c4 Nc6
9.Ne5 Bh5 10.Nxc6 bxc6 11.Qa4 O-O 12.dxc5 Bxc5 13.Nb3 Bd6 14.c5 Be5 15.Qxc6 Qe7
16.Qa4 Rfc8 17.f4 Bc7 18.Bd2 a5 19.Rac1 Bg6 20.Be3 Rcb8 21.a3 e5 22.f5 Bxf5
23.Bg5 Be6 24.Rf1 Qe8 25.c6 Ne4 26.Bxe4 dxe4 27.Nc5 Bd5 28.Nxe4 Rxb2 29.Nc3 Bxc6
30.Qh4 Bb6+ 31.e3 h6 32.Bxh6 gxh6 33.Qxh6 Bxe3+  0-1

[Event "1st Alghero Open"]
[Site "Alghero ITA"]
[Date "2011.08.31"]
[Round "6.1"]
[White "Sokolov,Ivan"]
[Black "Gleizerov,E"]
[Result "1/2-1/2"]
[WhiteElo "2672"]
[BlackElo "2590"]

1.d4 e6 2.c4 f5 3.g3 Nf6 4.Bg2 c6 5.Nc3 d5 6.Bf4 Be7 7.Nf3 O-O 8.O-O Ne4
9.Qb3 Nd7 10.Rad1 Kh8 11.Nxe4 fxe4 12.Ne5 Nxe5 13.Bxe5 Bd6 14.f3 exf3 15.Rxf3 Rxf3
16.Qxf3 Bxe5 17.dxe5 Bd7 18.e4 Qe7 19.Qa3 Qxa3 20.bxa3 Kg8 21.exd5 cxd5 22.cxd5 Rc8
23.dxe6 Bxe6 24.Bxb7 Rc5 25.Rd6 Kf7 26.Ra6 Rxe5 27.Rxa7 Kf6 28.Ra4 Re1+ 29.Kf2 Ra1
30.Rf4+ Ke7 31.Re4 Rxa2+ 32.Re2 Rxa3 33.Bc8 Ra2 34.Rxa2  1/2-1/2

[Event "20th TCh-CRO 1a"]
[Site "Sibenik CRO"]
[Date "2011.10.04"]
[Round "1.2"]
[White "Saric,Iv"]
[Black "Sokolov,Ivan"]
[Result "1/2-1/2"]
[WhiteElo "2643"]
[BlackElo "2673"]

1.e4 e5 2.Nf3 Nc6 3.Bb5 a6 4.Ba4 d6 5.c3 Bd7 6.d4 g6 7.O-O Bg7 8.Re1 b5 9.Bc2 Nf6
10.d5 Ne7 11.b3 Qb8 12.c4 c5 13.dxc6 Nxc6 14.Nc3 O-O 15.Be3 Rc8 16.Bd3 Ng4
17.Bg5 Qa7 18.Qd2 Nb4 19.Bf1 bxc4 20.h3 Qxf2+ 21.Qxf2 Nxf2 22.Kxf2 cxb3 23.Bd2 bxa2
24.Nxa2 Nc2 25.Nb4 Nxa1 26.Rxa1 Be6 27.Rxa6 Rxa6 28.Bxa6 Rb8 29.Ke2 f5 30.Bd3 fxe4
31.Bxe4 Bc4+ 32.Bd3 Bxd3+ 33.Kxd3 h6 34.Kc4 Kf7 35.Kd5 Bf8 36.Nh2 Rb5+ 37.Kc4 Rc5+
38.Kd3 d5 39.Ng4 Ke6 40.Bxh6 e4+ 41.Kd2 Bxh6+ 42.Nxh6 d4 43.Ng4 Rc3 44.Nc2 Kd5
45.Nf6+ Ke5 46.Ng4+ Kf4 47.Nf6 Rg3 48.Ne1 Rb3 49.Nc2 e3+ 50.Kc1 Rd3 51.Nd5+ Kg3
52.Ne1 Ra3 53.Nc2 Rd3 54.Ne1 Rd2 55.Nb4 Kf2 56.Nf3 Ke2 57.Ng1+ Kf1 58.Nf3 Rxg2
59.Nc2 e2 60.Nce1 Rg3 61.Kd2 Rxh3 62.Nxd4 Rh8 63.Nd3 Rh2 64.Ne1 g5 65.Ndc2 Rh3
66.Nd3 g4 67.Nf4 e1=Q+ 68.Nxe1 Rh2+ 69.Kd1 g3 70.Ned3 Ra2 71.Kc1 g2 72.Nxg2 Kxg2
73.Nb2 Kf3 74.Kc2 Ke3 75.Kc3 Ra3+ 76.Kb4 Ra8 77.Kb3 Kd4 78.Kc2 Rb8 79.Nd1 Rh8
80.Nb2 Rh3 81.Nd1 Rh2+ 82.Kb3 Rg2 83.Nb2 Rd2 84.Na4 Rd3+ 85.Kc2 Rg3 86.Nb2 Rg2+
87.Kb3 Rxb2+  1/2-1/2

[Event "20th TCh-CRO 1a"]
[Site "Sibenik CRO"]
[Date "2011.10.05"]
[Round "2.5"]
[White "Sokolov,Ivan"]
[Black "Mufic,Go"]
[Result "1-0"]
[WhiteElo "2673"]
[BlackElo "2276"]

1.d4 d5 2.c4 c6 3.Nc3 Nf6 4.Nf3 Qb6 5.Ne5 Bf5 6.e3 e6 7.g4 Be4 8.f3 Bg6 9.h4 h6
10.Nxg6 fxg6 11.Bd3 Kf7 12.Qc2 dxc4 13.Bxg6+ Ke7 14.Bd2 Na6 15.Ne2 Rb8 16.e4 Kd7
17.O-O-O Qb5 18.Nf4 Bb4 19.Bf7 Nc7 20.Ng6 Bxd2+ 21.Rxd2 Rhd8 22.Kb1 Qa5 23.Ne5+ Ke7
24.Nxc4 Qa6 25.Bg6 Nd7 26.Qc3 Nb5 27.Qb4+ Kf6 28.h5 c5 29.dxc5 Ne5 30.Nxe5 Rxd2
31.Qxd2 Kxe5 32.f4+ Kf6 33.Qd7  1-0

[Event "20th TCh-CRO 1a"]
[Site "Sibenik CRO"]
[Date "2011.10.06"]
[Round "3.1"]
[White "Palac,M"]
[Black "Sokolov,Ivan"]
[Result "0-1"]
[WhiteElo "2591"]
[BlackElo "2673"]

1.e4 e5 2.Nf3 Nc6 3.Bb5 a6 4.Ba4 Nf6 5.O-O Be7 6.Re1 d6 7.c3 Bg4 8.h3 Bh5
9.d3 Nd7 10.Be3 b5 11.Bc2 h6 12.Nbd2 Bg5 13.Nf1 Qf6 14.g4 Bg6 15.Nxg5 hxg5
16.Qd2 Qf3 17.Ng3 Rxh3 18.Bd1 Rxg3+ 19.fxg3 Qxg3+ 20.Kf1 Nc5 21.Re2 O-O-O
22.Rg2 Qh3 23.Bxg5 Nxd3 24.Bxd8 Kxd8 25.Kg1 Bxe4 26.Rh2 Qg3+ 27.Kf1 Ne7 28.Rh8+ Kd7
29.Qh2 Qe1+  0-1

[Event "20th TCh-CRO 1a"]
[Site "Sibenik CRO"]
[Date "2011.10.07"]
[Round "4.5"]
[White "Filippov,An UZB"]
[Black "Sokolov,Ivan"]
[Result "1/2-1/2"]
[WhiteElo "2606"]
[BlackElo "2673"]

1.e4 e5 2.Nf3 Nc6 3.Bb5 a6 4.Bxc6 dxc6 5.O-O f6 6.d4 Bg4 7.dxe5 Qxd1 8.Rxd1 fxe5
9.Nbd2 O-O-O 10.Re1 Bd6 11.h3 Bh5 12.Nh2 Bf7 13.Ndf3 Nf6 14.Bg5 h6 15.Bxf6 gxf6
16.a3 h5 17.Rad1 a5 18.Nh4 Bc5 19.Nf5 b5 20.Rxd8+ Rxd8 21.Nf3 Be6 22.Ng7 Bf7
23.Nf5 Be6 24.g3 Bb6 25.g4 hxg4 26.hxg4 c5 27.Kg2 c4 28.c3 Bc5 29.Re2 b4
30.axb4 axb4 31.g5 fxg5 32.Nxe5 bxc3 33.bxc3 Bxf5 34.exf5 Rf8 35.Nxc4 Rxf5
36.Nd2 Kd7 37.Ne4 Be7 38.Re3 Rf4 39.Kf1 Kc6 40.Ke2 g4 41.Kd3 Bc5 42.Nxc5  1/2-1/2

[Event "20th TCh-CRO 1a"]
[Site "Sibenik CRO"]
[Date "2011.10.11"]
[Round "8.3"]
[White "Hracek,Z"]
[Black "Sokolov,Ivan"]
[Result "1-0"]
[WhiteElo "2624"]
[BlackElo "2673"]

1.d4 Nf6 2.c4 b6 3.Nc3 Bb7 4.d5 e5 5.Nf3 e4 6.Ng5 Bb4 7.Bd2 Qe7 8.Qc2 Bxc3
9.Bxc3 e3 10.O-O-O Na6 11.f3 O-O-O 12.h4 h6 13.Nh3 Qd6 14.Kb1 c6 15.Qf5 Qc5
16.Rc1 Ne8 17.Qf4 Nac7 18.Bd4 Qa5 19.Qxe3 cxd5 20.c5 bxc5 21.Rxc5 Qa6 22.Qc3 Bc6
23.e4 Qb7 24.exd5 Bxd5 25.Ra5 Qc6 26.Rxa7 Qxc3 27.Bxc3 Ne6 28.Bd3 Kb8 29.Ra5 N8c7
30.Rc1 Rhe8 31.Bd2 Bc6 32.Rc3 Nd5 33.Rca3 d6 34.Rb3+ Kc8 35.Ra7 Ndc7 36.Ba5 Kd7
37.Bxc7  1-0

[Event "20th TCh-CRO 1a"]
[Site "Sibenik CRO"]
[Date "2011.10.12"]
[Round "9.4"]
[White "Sokolov,Ivan"]
[Black "Brkic,A"]
[Result "1/2-1/2"]
[WhiteElo "2673"]
[BlackElo "2606"]

1.d4 Nf6 2.c4 g6 3.Nc3 d5 4.Nf3 Bg7 5.Qa4+ Bd7 6.Qb3 dxc4 7.Qxc4 O-O 8.Bf4 Bc6
9.e3 Bxf3 10.gxf3 c6 11.Qb3 Qa5 12.e4 Nbd7 13.e5 Nd5 14.Bd2 Qb6 15.Nxd5 cxd5
16.Qxb6 Nxb6 17.f4 Rac8 18.b3 f6 19.Bd3 Bh6 20.Be3 fxe5 21.fxe5 Kg7 22.Ke2 Rf7
23.h4 Rcf8 24.Rh2 Bxe3 25.fxe3 Kh6 26.Rg1 e6 27.Rhg2 Nc8 28.h5 g5 29.Rxg5 Rf2+
30.Ke1 Ne7 31.Rg7 R2f7 32.Rxf7 Rxf7 33.Ke2 Rf8 34.b4 a6 35.Rc1 Nc6 36.a3 Nd8
37.a4 Rf7 38.b5 axb5 39.Bxb5 Nc6 40.Rc5 Kxh5 41.Bxc6 bxc6 42.Rxc6 Re7 43.a5 Kg4
44.a6 Kf5 45.Rb6 Ra7 46.Rb7 Rxa6 47.Rxh7 Ra2+ 48.Kf3 Kg6 49.Re7 Ra6 50.Kf4 Rb6
51.e4 dxe4 52.Kxe4 Ra6 53.Kd3 Ra3+ 54.Kc4 Kf5 55.Kc5 Ra5+ 56.Kc6 Ra4 57.Rd7 Rc4+
58.Kb5 Rc1 59.d5  1/2-1/2

[Event "North American Open"]
[Site "Las Vegas USA"]
[Date "2011.12.29"]
[Round "6"]
[White "Molner,M"]
[Black "Sokolov,Ivan"]
[Result "1/2-1/2"]
[WhiteElo "2455"]
[BlackElo "2646"]

1.d4 d5 2.c4 e6 3.Nc3 Bb4 4.e3 c5 5.a3 Ba5 6.cxd5 exd5 7.Bb5+ Nc6 8.Ne2 c4
9.O-O a6 10.Bxc6+ bxc6 11.e4 Ne7 12.Bg5 f6 13.Bf4 O-O 14.b3 Ng6 15.Rc1 Re8
16.Bg3 dxe4 17.bxc4 Bg4 18.h3 Bh5 19.Qa4 f5 20.Qxc6 Rc8 21.Qd5+ Qxd5 22.cxd5 f4
23.Bh2 Rc4 24.d6 Rec8 25.g4 fxg3 26.Nxg3 Bf3 27.d7 Rd8 28.Ngxe4 Rxd4 29.Ng5 Rd3
30.Ne6 R8xd7 31.Nc5 Bxc3 32.Nxd7 Be2 33.Bg3 Bxf1 34.Kxf1 Bd4 35.a4 Bxf2 36.Kxf2 Rxd7
37.Rc8+ Kf7 38.Ra8 Ne7 39.Rxa6 Nf5 40.Be5 Rd5 41.Bc7 Rd3 42.Kg2 Nh4+ 43.Kh2 g5
44.Rd6 Ra3 45.a5 Ra2+ 46.Kg1 Nf3+ 47.Kf1 h5 48.a6 Nd2+ 49.Ke1 Ne4 50.Rc6 Nf2
51.Rc3 Ne4 52.Rc6 Ra3 53.Rc4 Nf6 54.Rc5 Rxa6 55.Rxg5 h4 56.Bd8 Re6+  1/2-1/2

[Event "North American Open"]
[Site "Las Vegas USA"]
[Date "2011.12.29"]
[Round "7"]
[White "Sokolov,Ivan"]
[Black "Mitkov,N1"]
[Result "1-0"]
[WhiteElo "2646"]
[BlackElo "2513"]

1.d4 Nf6 2.c4 e6 3.Nc3 Bb4 4.e3 O-O 5.Bd3 d5 6.cxd5 exd5 7.Ne2 Re8 8.Bd2 Bd6
9.Rc1 a6 10.O-O Nbd7 11.Ng3 c5 12.Bb1 b6 13.Qf3 Bb7 14.Nf5 Bf8 15.Qg3 g6
16.Nd6 Bxd6 17.Qxd6 Ne4 18.Nxe4 dxe4 19.Bc3 Re6 20.Qf4 c4 21.f3 f5 22.d5 Bxd5
23.Rcd1 Nc5 24.fxe4 Nxe4 25.g4 Nxc3 26.bxc3 Rd6 27.gxf5 Rd7 28.f6 Bf7 29.Qh6 Be6
30.Rd6 Qe8 31.Be4 Rad8  1-0

[Event "10th Nancy GMA 2012"]
[Site "Nancy FRA"]
[Date "2012.02.20"]
[Round "1"]
[White "Sokolov,Ivan"]
[Black "Edouard,R"]
[Result "1/2-1/2"]
[WhiteElo "2641"]
[BlackElo "2616"]

1.d4 d5 2.Nf3 Nf6 3.c4 dxc4 4.e3 e6 5.Bxc4 a6 6.Nc3 c5 7.Bd3 Nbd7 8.O-O b6
9.Qe2 Bb7 10.Rd1 Qb8 11.h3 Be7 12.dxc5 Nxc5 13.Bc2 Nce4 14.Nxe4 Nxe4 15.Nd2 Nf6
16.e4 Qc7 17.Nf1 O-O 18.e5 Nd5 19.a3 b5 20.Nh2 b4 21.a4 Qc6 22.Qe4 f5 23.exf6 Nxf6
24.Qxc6 Bxc6 25.Re1 Bd5 26.Be3 Rfc8 27.Rac1 Nd7 28.Nf3 Bf6 29.Bd4 Bxf3 30.Bxf6 gxf6
31.gxf3 Nc5 32.a5 Kf7 33.Re2 Nd3 34.Rd1 Nf4 35.Red2 f5 36.Bb3 Kf6 37.Kf1 Rg8
38.Rd6 Ra7 39.Re1 Rag7 40.Rexe6+ Nxe6 41.Rxe6+ Kg5 42.Rxa6 Rc8 43.Rb6 Rc1+
44.Ke2 Re7+ 45.Kd2 Rf1 46.f4+ Kxf4 47.Rxb4+ Re4 48.Bc4 Ra1 49.f3 Kxf3 50.Bd5 Rxa5
51.Bb7 Rc5 52.Kd3 Re5 53.Rd4 Re7 54.Bc6 Kf4 55.Bxe4 fxe4+ 56.Ke2 Rg7 57.Kf2 Rc7
58.Ke2 Rg7 59.Kf2 Rb7 60.b4 Ra7 61.Ke2 Rg7 62.Kf2 Ra7 63.Ke2 Ra3 64.Rd7 Rxh3
65.Rf7+ Ke5 66.b5  1/2-1/2

[Event "10th Nancy GMA 2012"]
[Site "Nancy FRA"]
[Date "2012.02.21"]
[Round "3"]
[White "Sokolov,Ivan"]
[Black "David,Alb"]
[Result "1/2-1/2"]
[WhiteElo "2641"]
[BlackElo "2598"]

1.d4 Nf6 2.c4 e6 3.Nc3 Bb4 4.e3 O-O 5.Bd3 c5 6.Nf3 d5 7.O-O Nc6 8.a3 Bxc3
9.bxc3 Qc7 10.Bb2 dxc4 11.Bxc4 b6 12.Bd3 Ne7 13.e4 Ng6 14.e5 Nd5 15.c4 Ndf4
16.Be4 Bb7 17.Bxb7 Qxb7 18.g3 Qe4 19.Re1 Nh3+ 20.Kf1 Qf5 21.d5 b5 22.Re3 bxc4
23.d6 Rab8 24.Qb1 Qg4 25.Qc2 h6 26.Bc3 Rfd8 27.Qe4 h5 28.Nd2 Ng5 29.Qxg4 hxg4
30.Nxc4 Nf8 31.Ba5 Re8 32.Bc7 Rb5 33.d7 Nxd7 34.Nd6 Reb8 35.Bxb8 Rxb8 36.Rd1 Nb6
37.Rc3 c4 38.Nxc4 Rc8 39.Rdc1 Ne4 40.Nxb6 Rxc3 41.Rxc3 Nxc3 42.Nc4 f5 43.exf6 gxf6
44.f3 gxf3 45.Kf2 f5 46.Kxf3 Kg7 47.g4 Kf6 48.h4 fxg4+ 49.Kxg4 e5 50.h5 Nd5
51.Nd6 Ne3+ 52.Kf3 Nc2 53.Ne4+ Kf5 54.Ng3+ Kg5 55.a4 a5 56.Ke4 Nb4 57.Kxe5 Nd3+
58.Kd4 Nb2 59.Kc5 Nxa4+ 60.Kb5 Nc3+ 61.Kxa5  1/2-1/2

[Event "10th Nancy GMA 2012"]
[Site "Nancy FRA"]
[Date "2012.02.24"]
[Round "5"]
[White "Sokolov,Ivan"]
[Black "Bauer,Ch"]
[Result "1-0"]
[WhiteElo "2641"]
[BlackElo "2679"]

1.d4 e6 2.c4 Bb4+ 3.Bd2 a5 4.Nc3 d5 5.e3 Nf6 6.Bd3 O-O 7.Nge2 dxc4 8.Bxc4 Nbd7
9.Qc2 c5 10.a3 cxd4 11.Nxd4 Bc5 12.Ncb5 Ne5 13.Be2 Bxd4 14.Nxd4 Bd7 15.e4 Qb6
16.Bc3 Rfc8 17.Rd1 Ng6 18.O-O Nf4 19.Bf3 e5 20.Nf5 Bxf5 21.exf5 Re8 22.Rfe1 Qc7
23.Qa4 h5 24.Qb5 e4 25.Bxf6 gxf6 26.Rxe4 Rxe4 27.Bxe4 Rd8 28.Rxd8+ Qxd8 29.g3 Qd4
30.Bxb7 Nh3+ 31.Kg2 Nxf2 32.Bd5 Kf8 33.Qd7  1-0

[Event "10th Nancy GMA 2012"]
[Site "Nancy FRA"]
[Date "2012.02.26"]
[Round "8"]
[White "David,Alb"]
[Black "Sokolov,Ivan"]
[Result "1/2-1/2"]
[WhiteElo "2598"]
[BlackElo "2641"]

1.d4 d5 2.c4 e6 3.Nc3 Bb4 4.e3 c5 5.Nf3 Nf6 6.Bd3 dxc4 7.Bxc4 Qc7 8.Qd3 a6
9.a4 b6 10.O-O Bb7 11.Ne5 O-O 12.Na2 Ba5 13.b3 Nc6 14.Bb2 Nxe5 15.dxe5 Rfd8
16.Qc2 Ng4 17.Bd3 Qc6 18.e4 c4 19.Qxc4 Qd7 20.Rad1 Rac8 21.Be2 Rxc4 22.Rxd7 Rxd7
23.bxc4 h5 24.Rd1 Rxd1+ 25.Bxd1 Bxe4 26.Bd4 Bd3 27.h3 Nh6 28.c5 Nf5 29.c6 b5
30.Bc3 Bxc3 31.c7 Ne7 32.Nxc3 b4 33.Na2 a5 34.Nc1 Bc4 35.Bb3 Ba6 36.Bd1 Bc4
37.Bb3 Ba6 38.Bd1 Bc4  1/2-1/2